000 00604cam a2200181 i 4500
005 20251204102054.0
008 250721s2004 jo gr 000 0 ara d
082 1 4 _a214.5
_b س ا م
100 1 _aالسامرائي، فاضل صالح
_eمؤلف.
245 1 0 _aنداء الروح /
_cالدكتور فاضل صالح السمرائي.
264 3 1 _aعمان :
_bدار عمارللنشرو التوزيع،
_c2004.
300 _a160 صفحه.
650 1 7 _aالروح.
650 1 7 _aاليوم الآخر.
650 1 7 _aعلم النفس.
942 _2ddc
_cBK
999 _c93190
_d93190